Regional Industrial Analysis and Development

Bibliographic Details
Main Author: Hewings, Geoffrey J. D.
Format: Book
Published: Landos : Methven , 1977
Subjects:

MARC

LEADER 00000cam a2200000 7i4500
001 0000002652
005 20050623.0
020 |a 0410758703 
040 |a INS 
090 0 0 |a HT391.   |b H43 1977 
100 1 |a Hewings, Geoffrey J. D. 
245 1 0 |a Regional Industrial Analysis and Development   |c Geoffrey J. D. Hewings 
260 |a Landos :   |b Methven ,   |c 1977 
300 |a 180p ;   |c 22 cm. 
650 0 0 |a Economic development 
650 0 0 |a Industry 
999 |a 0000000960   |b BOOK   |c Open Shelf   |e Default branch